000 00490nam a22001697a 4500
008 211026b ||||| |||| 00| 0 eng d
020 _a139781845206475
050 _aN8510.A33 2007
100 _aAdamson, Glenn
_950664
245 _aThinking through craft
_c/by Glenn, Adamson
260 _aOxford:
_bBerg Publishers;
_c2007.
300 _ax, 209p.;
_c25cm.
650 _aArt
_xTechnique
_914509
650 _aHandicraft
_950665
650 _aWorkmanship
_950666
942 _2lcc
_cMONOGRAPH
999 _c130972
_d130972